000 00766nam a2200229Ia 4500
001 2544
003 GE_BSU
008 181216s||||||||xx |||||||||||||| ||und||
020 _a9789941102851
040 _cGE_BSU
080 _a81'374'3=353.1
245 _aქართული ენის განმარტებითი ლექსიკონი.ტ. 2.გ.
245 _c[რედ.გიორგი წერეთელი]
260 _aთბილისი
260 _bმერიდიანი
260 _c2010
300 _a1677 გვ
541 _h70 ლ.
653 _aქართული ენა
653 _aქართული ენის განმარტებითი ლექსიკონი
942 _cBK
999 _c36624
_d36624